000 00804nam a2200265Ia 4500
003 OSt
005 20220912150657.0
006 a|||||r|||| 00| 0
007 ta
008 220909b |||||||| |||| 00| 0 eng d
024 _a50034
037 _cTextual
040 _aCSL
_beng
_cCSL
041 _aeng
082 _aH(F555)p1,N80, M1
100 _aBrooks J Ed.
111 _aInterantional Symposium on Organic Maturation Studies and Fossils Fuel Exploration (1980 : Cambridge)
245 0 _aProceeding on organic maturation Studies and fossil fuel exploration
260 _aLondon
_bAcademic Press
_c1981
300 _axiii, 441p.
_ccm.
650 _a Fossils
650 _aGeology
942 _hH(F555)p1,N80, M1
_cTEXL
_2CC
999 _c52357
_d52357